Bibliobús Montau : 2018 2018
Descripción Física:
1 targeta informativa : il·lustracions ; 6 x 9 cm, desplegat 6 x 18 cm
Idioma:
Catalán
MARC
| LEADER | 00000nam a22000007a 4500 | ||
|---|---|---|---|
| 001 | 26189 | ||
| 008 | 220707b spa||||| |||| 00| 0 cat d | ||
| 080 | |a NBM-14-32 | ||
| 245 | |a Bibliobús Montau : |b 2018 | ||
| 260 | |a Barcelona : |b Diputació de Barcelona. Xarxa de Biblioteques Municipals, |c 2017 | ||
| 300 | |a 1 targeta informativa : |b il·lustracions ; |c 6 x 9 cm, desplegat 6 x 18 cm | ||
| 500 | |a Targeta informativa que conté els horaris del Bibliobús Montau durant l'any 2018. | ||
| 610 | 2 | 0 | |9 52879 |a Bibliobús Montau |
| 650 | 0 | |a Bibliobusos |z Barcelona (Catalunya : Província) |9 30563 | |
| 710 | 1 | |a Barcelona (Catalunya : Província). |b Xarxa de Biblioteques Municipals |9 52650 | |
| 942 | |2 udc |c ARXIU |n 1 | ||
| 952 | |0 0 |1 0 |4 0 |6 NBM1432 |7 1 |9 62703 |a Arxiu |b Arxiu |d 2022-07-07 |l 0 |o NBM-14-32 |p 26189 |r 2022-07-07 00:00:00 |w 2022-07-07 |y ARXIU | ||
| 999 | |c 82233 |d 82233 | ||